00371nam a2200121Ia 4500008004100000100002100041245005900062260002000121300000800141942000700149999001500156952007800171201217s9999 xx 000 0 und d aBayly, C A (Ed.) 3aAn illustratewd History of Modern India 1600 - 1947 aBombaybPearson a431 cBK c8150d8150 00104070aCLd2020-12-17o954 B359pPM03424r2020-12-17w2020-12-17yBK